000 nam a22 7a 4500
999 _c336729
_d336729
003 IT-MiCISF
005 20170619160402.0
008 170619b xxu||||| |||| 00| 0 eng d
040 _cIT-MiCISF
041 _ait
100 _aGordon Thomas
_956526
245 _aNé con le buone né con le cattive
_bBambini e disciplina
260 _aMolfetta (BA)
_bLa Meridiana
_c2001
300 _app. 181
500 _aeducazione-familiarel, educazione-genitori, problemi-educazione, scuola, indirizzi
520 _aLe cronache, purtroppo diffuse, di comportamenti distruttivi e violenti nei giovani si traduce regolarmente nella richiesta di un inasprimento delle regole e delle sanzioni. Eppure non è difficile dimostrare che l'imposizione della disciplina, col vecchio criterio fondato sulla punizione, spesso è causa piuttosto che rimedio di questi comportamenti indesiderati. Non è affatto casuale, infatti, che tutte le strategie solitamente impiegate per fronteggiare questi problemi si accaniscano sui ragazzi, ignorando che la radice del problema è nei modelli educativi interpretati dagli adulti. E i modelli di riferimento più diffusi tra gli adulti o si ispirano all'imposizione autoritaria oppure all'indifferenza lassista. In questo libro l’autore descrive con slancio una diversa concezione, meno dispotica, di gestire il rapporto con i giovani. Apprendere efficaci alternative slegate dal potere significa far crescere il senso di auto-disciplina e di auto-controllo dei bambini e ricercare nei conflitti soluzioni cooperative e senza perdenti.
650 _aeducazione
_956062
654 _asaggio
942 _2ddc
_cBK